000 01325cam a22003737a 4500
003 CHAP
005 20220329142025.0
008 990310d1999 mx r 00110 spa d
010 _a77227
011 _a78199
035 _a88064
040 _cCHAP
090 _aTesis
100 0 0 _aMorales Rivera, Gustavo.
_978404
245 0 _aUso de ácido indolbutírico (AIB) en el enraizamiento de esquejes de jitomate (Lycopersicon esculentum Mill.)
_c/por Gustavo Morales Rivera
260 _aChapingo, Méx. :
_bEl autor,
_c1999.
300 _a49 h. :
_bcuadros
502 _aTesis (Ing. Agr. Esp. en Fitotecnia) -- UACH. Departamento de Fitotecnia
590 _aALEPH
_b10
_c20130110
_lUCH01
_h1428
590 _aBATCH-UPD
_b10
_c20130110
_lUCH01
_h0815
590 _aBATCH-UPD
_b10
_c20130410
_lUCH01
_h0452
590 _aBATCH-UPD
_b10
_c20130914
_lUCH01
_h0342
590 _aCONVERSION
_b10
_c20130109
_lUCH01
_h1343
650 1 4 _aAcido indolbutírico.
_9590
650 1 4 _aAuxinas.
_98437
650 1 4 _aEnraizamiento.
_937013
650 1 4 _aTomate
_xPropagación.
_9113758
901 _aBK
905 _aMayto Villalobos S.
942 _cFOLL
949 _bBC
_cTES
_d33724000714341
_eTS2
_fc.2
_h33794
_i88064
_si
949 _bBC
_cTES
_d33724000756524
_eTS2
_fc.3
_h35419
_i88064
_si
949 _bBC
_cTES
_d880641
_eTS1
_h33793
_i88064
_sb
999 _c77227
_d77227